000 00678nam a2200229Ii 4500
003 JO-AjNU
008 230605s9999||||xx |||||||||||||| ||und||
017 _a93/9390
020 _a977-10-0638-X
040 _aJO-AjNU
_bara
_erda
_cJO-AjNU
041 _aara
050 1 4 _aBJ1185.A7.Z366.1993
100 3 _aزقزوق،محمود حمدي,
_eauthor
_916472
245 0 0 _aمقدمة في علم الأخلاق
250 _aط4
264 3 1 _aالقاهرة:دار الفكر العربي ،1993
300 _a163ص
336 _atext
_btxt
_2rdacontent
337 _aunmediated
_bn
_2rdamedia
338 _avolume
_bnc
_2rdacarrier
650 4 _aالاخلاق-علم
_916473
999 _aA4892
_c8460
_d8460